<?xml version="1.0" encoding="UTF-8"?>
<marc:record xmlns:marc="http://www.loc.gov/MARC21/slim">
   <marc:leader>00000nam a2200000 a 4500</marc:leader>
   <marc:datafield ind1="1" ind2=" " tag="100">
      <marc:subfield code="a">Harrison, Kim</marc:subfield>
      <marc:subfield code="4">aut</marc:subfield>
      <marc:subfield code="e">Verfasser/-in</marc:subfield>
   </marc:datafield>
   <marc:datafield ind1="0" ind2="0" tag="245">
      <marc:subfield code="a">Madison Avery</marc:subfield>
   </marc:datafield>
   <marc:datafield ind1="0" ind2="0" tag="245">
      <marc:subfield code="c">Kim Harrison. Aus dem Amerikan. von Sandra Knuffinke und Jessika Komina</marc:subfield>
   </marc:datafield>
   <marc:datafield ind1=" " ind2="1" tag="264">
      <marc:subfield code="a">Hamburg</marc:subfield>
      <marc:subfield code="b">Oetinger-Taschenbuch</marc:subfield>
      <marc:subfield code="c">2012</marc:subfield>
   </marc:datafield>
   <marc:datafield ind1="1" ind2=" " tag="490">
      <marc:subfield code="a">Oetinger-Taschenbuch</marc:subfield>
      <marc:subfield code="v">185</marc:subfield>
   </marc:datafield>
   <marc:datafield ind1=" " ind2=" " tag="250">
      <marc:subfield code="a">1. Aufl.</marc:subfield>
   </marc:datafield>
   <marc:datafield ind1="1" ind2=" " tag="520">
      <marc:subfield code="a">Angaben aus der Verlagsmeldung

Madison Avery - Totgeküsste leben länger (Band 1) Once dead, twice shy / von Kim Harrison

Madison Avery, 17, kann ihr Pech kaum fassen: Da knutscht sie einmal mit einem schnuckeligen Typen und dann entpuppt der sich als Zeitwächter, der in Wirklichkeit älter als ein Dinosaurier ist! Und, ach ja, obendrein bringt Methusalem sie auch noch um die Ecke – aber so dilettantisch, dass Madison immer noch auf der Erde wandelt, statt in Ruhe die Radieschen von unten zu betrachten. Nun erfährt sie auch, wer schuld an dem ganzen Schlamassel ist: ihr hübscher Schutzengel Barnabas, der nicht auf sie aufgepasst hat. Ausgerechnet er soll sie jetzt vor dem Zeitwächter schützen, dem Madison sein dickes Amulett geklaut hat. Doch Madison wäre nicht Madison, wenn sie auf einen Kerl mit Flügeln hören würde …
</marc:subfield>
   </marc:datafield>
   <marc:datafield ind1=" " ind2=" " tag="020">
      <marc:subfield code="a">9783841501851</marc:subfield>
      <marc:subfield code="9">9783841501851</marc:subfield>
   </marc:datafield>
   <marc:datafield ind1=" " ind2=" " tag="041">
      <marc:subfield code="a">ger</marc:subfield>
   </marc:datafield>
   <marc:datafield ind1=" " ind2=" " tag="300">
      <marc:subfield code="a">293 S.</marc:subfield>
   </marc:datafield>
</marc:record>
